|
|
|
|
| LEADER |
00000cam a2200000 a 4500 |
| 001 |
vtls010598623 |
| 003 |
SK-MaSNL |
| 005 |
20260301215112.0 |
| 008 |
240314s2014 xo hobcg bh 000 0bslo |
| 015 |
|
|
|a SNBA2014/09
|
| 015 |
|
|
|a SNBSAB2014
|
| 020 |
|
|
|a 9788097159375
|q (viaz.)
|
| 035 |
|
|
|a 4D807C4C-645F-4972-BB57-0EFBFD41C8E0
|
| 035 |
|
|
|a urn:nbn:sk:snk-amkcll
|
| 035 |
|
|
|a urn:nbn:sk:snk-am003ug8
|
| 040 |
|
|
|a SNK
|b slo
|c SNK
|e AACR2
|
| 041 |
0 |
|
|a slo
|
| 043 |
|
|
|a e-xo---
|
| 044 |
|
|
|a xo
|c SK
|
| 072 |
|
7 |
|a 929
|x Biografie
|2 konspekt
|
| 072 |
|
7 |
|a 615.8
|x Fyzioterapia. Psychoterapia. Alternatívna medicína
|2 konspekt
|
| 072 |
|
7 |
|a 94(437)
|x Dejiny Česka a Slovenska
|2 konspekt
|
| 080 |
|
|
|a 93/94-027.541
|2 2001
|
| 080 |
|
|
|a 94(437.6)
|2 2001
|
| 080 |
|
|
|a (092)
|2 2001
|
| 080 |
|
|
|a 615.834
|2 2001
|
| 080 |
|
|
|a 615.838
|2 2001
|
| 080 |
|
|
|a 616-051
|2 2001
|
| 080 |
|
|
|a 012
|2 2001
|
| 100 |
1 |
|
|a Bohuš, Ivan,
|d 1924-2018
|4 aut
|9 174062
|
| 245 |
1 |
0 |
|a Szontaghovci a Vysoké Tatry
|c Ivan Bohuš ; [autor textov: Ivan Bohuš st., Pavel Kušnír, Jozef Vilim ; fotografie: Ivan Bohuš ml.]
|
| 250 |
|
|
|a 1. vyd.
|
| 260 |
|
|
|a Tatranská Lomnica
|b I & B
|c 2014
|
| 300 |
|
|
|a 92 s.
|b faks., fotogr., mp., portr.
|c 22 cm
|
| 500 |
|
|
|a Životopisy M. Szontagha st. a ml. (v chronologickom slede)
|
| 504 |
|
|
|a Bibliogr. odkazy ; pozn. ; výber. bibliogr.
|
| 600 |
3 |
7 |
|a Szontagh (rodina)
|2 SNKMA
|9 550206
|
| 600 |
1 |
7 |
|a Szontagh, Mikuláš,
|d 1843-1899
|2 SNKMA
|9 135419
|
| 600 |
1 |
7 |
|a Szontagh, Mikuláš,
|d 1882-1963
|2 SNKMA
|9 550208
|
| 648 |
|
7 |
|a 19.-20. stor.
|2 SNKPH
|9 268609
|
| 648 |
|
7 |
|a 19th-20th centuries
|2 SNKPHeng
|9 282960
|
| 650 |
0 |
7 |
|a regionálne dejiny
|2 SNKPH
|9 63645
|
| 650 |
0 |
7 |
|a Regional history
|2 SNKPHeng
|9 266493
|
| 650 |
0 |
7 |
|a klimatoterapia
|2 SNKPH
|9 13930
|
| 650 |
0 |
7 |
|a Climatotherapy
|2 SNKPHeng
|9 604475
|
| 650 |
0 |
7 |
|a kúpeľníctvo
|2 SNKPH
|9 1140
|
| 650 |
0 |
7 |
|a Balneology
|2 SNKPHeng
|9 266272
|
| 650 |
0 |
7 |
|a lekári
|z Slovensko
|2 SNKPH
|9 400765
|
| 650 |
0 |
7 |
|a Physicians
|z Slovakia
|2 SNKPHeng
|9 413105
|
| 655 |
|
7 |
|a biografie
|2 SNKPH
|9 27965
|
| 655 |
|
7 |
|a Biography
|2 SNKPHeng
|9 266314
|
| 655 |
|
7 |
|a bibliografie
|2 SNKPH
|9 28668
|
| 655 |
|
7 |
|a Bibliographies
|2 SNKPHeng
|9 266698
|
| 700 |
1 |
|
|a Kušnír, Pavel,
|d 1964-
|4 aut
|9 217006
|
| 700 |
1 |
|
|a Vilim, Jozef
|4 aut
|9 604476
|
| 700 |
1 |
|
|a Bohuš, Ivan,
|d 1957-
|4 pht
|9 80008
|
| 919 |
|
|
|a 978-80-971593-7-5
|
| 958 |
|
|
|a MI
|
| 958 |
|
|
|a NB
|
| 958 |
|
|
|a BX
|
| 958 |
|
|
|a PB
|
| 999 |
|
|
|c 926898
|d 928828
|
| 952 |
|
|
|a SNK
|b SNK
|y PREZ
|7 0
|p 17A1115075
|o snkSC 160671
|i snk2014/17578
|8 0
|0 0
|1 0
|4 0
|d 2014-08-26
|f 1
|l 0
|r 2025-08-22 00:00:00
|w 2026-02-24
|
| 952 |
|
|
|a SNK
|b SNK
|y VYP
|7 0
|p 17A1115076
|o snkSC 160671 D1
|i snk2014/17580
|8 0
|0 0
|1 0
|4 0
|d 2014-08-26
|l 0
|r 2026-02-24 08:36:31
|w 2026-02-24
|